Drake - Views: Sudden Death - Statistics

General Stats
  • This quiz has been taken 139 times
  • The average score is 12 of 20
Answers on the Grid
Answers color-coded by a green-red scale on the quiz's grid according to % correct below.
U With Me?
Jaded
Still Here
Hype
Over My Dead Body
Weston Road Flows
Love Yourself
9
Faithful
Redemption
One Dance
Feel No Ways
Lust For Life
Keep The Family Close
Cece's Interlude
Too Good
Nonstop
Time Flies
Fire & Desire
Grammys
Childs Play
Pop Style
With You
Practice
Summers Over Interlude
Texts Go Green
Hotline Bling
Club Paradise
Views
All Me
Controlla
Do Not Disturb
 
Answer Stats
Answer % Correct
One Dance
85%
9
82%
Views
76%
Feel No Ways
75%
Controlla
72%
Hotline Bling
71%
Weston Road Flows
67%
U With Me?
65%
Redemption
64%
Fire & Desire
62%
Keep The Family Close
58%
Too Good
55%
Childs Play
51%
Summers Over Interlude
51%
Grammys
46%
Hype
44%
Faithful
40%
With You
40%
Pop Style
39%
Still Here
39%
No matching quizzes found
Score Distribution
Percent of People with Each Score
Percentile by Number Answered
Your Score History
You have not taken this quiz